000 02985pam a2200481 i 4500
001 1430652933
003 DLC
005 20250109112131.0
007 t|
008 240709s2024 nyu e 000 1 eng
010 _a 2024033144
020 _a9780593475690
_qhardcover
035 _a(OCoLC)1430652933
040 _aDLC
_beng
_erda
_cDLC
_dTnLvILS
041 1 _aeng
_hdan
042 _apcc
043 _ae-dk---
092 _afiction
_bAdler-Olsen, Jussi
100 1 _aAdler-Olsen, Jussi,
_eauthor.
_4aut.
_95873872
240 1 0 _aSyv m2 med lås.
_lEnglish.
245 1 0 _aLocked in /
_cJussi Adler-Olsen ; translated by Caroline Waight.
264 1 _a[New York] :
_bDutton,
_c[2024]
300 _a512 pages ;
_c24 cm.
336 _atext
337 _aunmediated
338 _avolume
490 1 _aA Department Q novel ;
_v[10]
500 _aTranslation of: Syv m2 med Lås.
520 _a"The New York Times and #1 internationally bestselling Department Q series comes to a thrilling conclusion when the team must turn inward to solve the cold case that has put their own leader behind bars, a place where his enemies are plentiful and time is quickly running out. On the day after Christmas, head of Department Q, Detective Carl Mørck, finds himself handcuffed in a police car headed for Copenhagen's Vestre prison. After fifteen years, a violent case from his past has caught up with him. Charges of drug trafficking and murder threaten to destroy his life and career. But he is being framed. Someone has a million-dollar bounty on his head to make sure he doesn't talk, putting him in grave danger among the prison's incarcerated criminals and corrupt officers. The question that remains is, Why? Carl's colleagues at the Copenhagen Police Department instantly turn their backs on him, leaving the ever-loyal Department Q team as his only hope. In search of answers, Rose, Assad, and Gordon must disobey direct orders from way up the chain to try to unravel case. With only one another to trust and Carl's battle against the unknown mastermind's henchmen worsening by the day, they must work faster than ever before if they are to clear his name-and save his life"--
546 _aIn English, translated from the Danish.
610 2 0 _aVestre fn̆gsel
_vFiction.
_96537009
650 0 _aFalse imprisonment
_vFiction.
_95675116
650 0 _aPrisons
_zDenmark
_zCopenhagen
_vFiction.
_96537010
650 0 _aCold cases (Criminal investigation)
_vFiction.
_95678704
650 0 _aBounties
_vFiction.
_95741624
655 7 _aDetective and mystery fiction.
_2lcgft.
_95683641
655 7 _aThrillers (Fiction)
_2lcgft.
655 7 _aNovels.
_2lcgft.
700 1 _aWaight, Caroline,
_etranslator.
_96461629
776 0 8 _iOnline version:
_aAdler-Olsen, Jussi.
_tLocked in
_d[New York] : Dutton, 2024
_z9780593475706
_w(DLC) 2024033145.
800 1 _aAdler-Olsen, Jussi.
_tDepartment Q novel.
_95688638
942 _2ddc
_cBOOK
999 _c403457
_d403457